Logo BPK

Biblioteka

Politechniki Koszalińskiej

Polityka komunalna / (Rekord nr 22581)

Szczegóły MARC
000 -ETYKIETA REKORDU
podpole kontrolne o stałej długości 00518nam a2200193 i 4500
001 - NUMER KONTROLNY REKORDU
pole kontrolne bg
020 ## - MIĘDZYNARODOWY ZNORMALIZOWANY NUMER KSIĄŻKI - ISBN
ISBN 8320803365
040 ## - ŹRÓDŁO KATALOGOWANIA
Instytucja, która utworzyła rekord BPK
041 ## - KOD JĘZYKA
Kod języka tekstu pol
080 ## - UNIWERSALNA KLASYFIKACJA DZIESIĘTNA - UKD
UKD 351(1-2)(075.8)
920 ## - Międzynarodowy znormalizowany numer książki – ISBN
ISBN 83-208-0336-5
008 - POLE O STAŁEJ DŁUGOŚCI - DANE KONTROLNE
podpole kontrolne o stałej długości s pl f |000 0 pol
100 1# - NAZWA OSOBOWA
Nazwa osobowa GINSBERT-GEBERT, Adam
245 #0 - TYTUŁ/ODPOWIEDZIALNOŚĆ
Tytuł Polityka komunalna /
Pozostałe elementy strefy tytułu i oznaczenia odpowiedzialności Adam Ginsbert-Gebert.
250 ## - STREFA WYDANIA
Oznaczenie wydania Wyd. 3 zm.
260 ## - STREFA ADRESU WYDAWNICZEGO
Miejsce wydania Warszawa :
Nazwa wydawcy/dystrybutora Państ. Wydaw. Ekonomiczne,
Data publikacji, dystrybucji/powstania dokumentu 1984.
300 ## - STREFA OPISU FIZYCZNEGO
Objętość 359, [1] s. :
Inne cechy fizyczne mapy, rys., wykr. ;
Rozmiary 24 cm.
856 ## - LOKALIZACJA I DOSTĘP DO ELEKTRONICZNYCH DOKUMENTÓW ZDALNYCH
Link (URL) http://koha.tu.koszalin.pl/cgi-bin/koha/opac-detail.pl?biblionumber=22581
Tekst linku Katalog online BPK
942 ## - DODATKOWE ELEMENTY (KOHA)
Typ dokumentu Książka
Egzemplarze
Wycofany Status egzemplarza Uszkodzony Dostępność Lokalizacja stała Lokalizacja bieżąca Miejsce przechowywania Sygnatura Kod kreskowy Typ dokumentu Ostatnio wypożyczono
      Dostępny Biblioteka Politechniki Koszalińskiej Biblioteka Politechniki Koszalińskiej Wypożyczalnia BG 31725 02134550 Książka  
      Dostępny Biblioteka Politechniki Koszalińskiej Biblioteka Politechniki Koszalińskiej Wypożyczalnia BG 31726 01561746 Książka 30.08.2019
© 2023 Biblioteka Politechniki Koszalińskiej :: KOHA